| 000 | 00704nam a2200229Ia 4500 | ||
|---|---|---|---|
| 003 | OSt | ||
| 005 | 20221006153555.0 | ||
| 006 | a|||||r|||| 00| 0 | ||
| 007 | ta | ||
| 008 | 221006b |||||||| |||| 00| 0 kor d | ||
| 024 | _a32,735 | ||
| 037 |
_bGift, Korean Embassy _cVideo |
||
| 040 |
_aEASL _cEASL _bkor |
||
| 041 |
_2kor _akor |
||
| 100 |
_aNational Centre for Koran Traditinal Preforming Arts _9664463 |
||
| 245 | 0 |
_aJongmyo jeryeak _b Royal ancestral shrine music |
|
| 260 |
_aSeoul _bNCKTPA _c2004 |
||
| 300 |
_a CD _ccm. |
||
| 650 |
_aMusic-Spritual _9664464 |
||
| 942 |
_cAUD _2CC |
||
| 999 |
_c1100821 _d1100821 |
||